| 000 | 02124nab a2200313 a 4500 | ||
|---|---|---|---|
| 005 | 20250224110756.0 | ||
| 007 | ta | ||
| 008 | 250206e2016 dr fr|p|r||||||0| 00spa d | ||
| 022 | _a2078-4929 | ||
| 040 |
_aDO-SdBNP _cDO-SdBNP _erda |
||
| 041 | _hspa | ||
| 100 |
_aOrtega González, Carmen _934366 _etexto |
||
| 245 |
_aCedimat / _cCarmen Ortega González, texto ; fotos: Fernando Calzada. |
||
| 264 |
_aSanto Domingo, República Dominicana : _bArquitexto, _c2016. |
||
| 300 |
_apáginas, 62 : _bilustraciones, fotografías ; _c27 cm. |
||
| 336 |
_atexto _btxt _2rdacontent |
||
| 337 |
_asin mediación _bn _2rdamedia |
||
| 338 |
_avolumen _bnc _2rdacarrier |
||
| 362 | _aAño 30, Número 92, (enero-marzo, 2016). | ||
| 521 | _aEste centro de Cedimat está orientado al tratamiento de cardiopatías congénitas y adquiridas para todas las edades, a estimular el turismo de salud y a desarrollar programas de formación académica. El concepto de lograr una “arquitectura para sanar” llevó a la búsqueda de soluciones físicas y ambientales que cumplieran estrictos códigos y estándares internacionales. El edificio principal consta de ocho niveles, incluyendo un sótano. El hospital posee 180 camas de internamiento, cinco quirófanos (tres para adultos y dos pediátricos), cuatro salas de hemodinámica, una central de esterilización, 35 unidades de cuidados intensivos y todas las instalaciones de un hospital de tercer nivel, es decir hospital de referencia o altamente especializado al que llegan pacientes remitidos por los hospitales regionales.... | ||
| 522 | _aRepública Dominicana. | ||
| 650 | 0 |
_aNeurorradiología _986946 _vPublicaciones periódicas _zRepública Dominicana |
|
| 650 | 0 |
_aSalud _vPublicaciones periódicas _zRepública Dominicana _91687 |
|
| 700 |
_aCalzada, Fernando _969597 _efotos |
||
| 710 |
_aCentros de Diagnóstico y Medicina Avanzada y de Conferencias Médicas y Telemedicina (CEDIMAT) _963406 |
||
| 773 | 0 |
_036884 _9320374 _aArquitexto _o2025-0710 _tArquitexto. : _w(DO-SdBNP)000037394 _x2078-4929 |
|
| 856 | _uhttps://arquitexto.com/2016/01/cedimat/ | ||
| 942 |
_2ddc _cISSUE |
||
| 999 |
_c58101 _d58101 |
||